000
00295nam a22000977a 4500
008
241204b |||||||| |||| 00| 0 eng d
020
_a
9788129146069
100
_a
Bhattacharya Abhirup
_9
7820
245
_a
Winning Like Virat Think & Succeed Like Kohli
260
_a
New Delhi
_b
Rupa Publications
_c
2018
999
_c
12723
_d
12723